|
|
|
|
| LEADER |
00659cam a2200193 7i4500 |
| 001 |
0000022342 |
| 005 |
20090220090000.0 |
| 090 |
0 |
0 |
|a M 303.44
|b MUL
|
| 110 |
2 |
0 |
|a Multimedia Development Corporation
|
| 245 |
2 |
0 |
|a Shared lives 50 years of transformation.
|
| 260 |
0 |
0 |
|a Cyberjaya:
|b Multimedia Development Corporation,
|c 2007.
|
| 300 |
# |
# |
|a 155 p.
|
| 650 |
0 |
0 |
|a Malaysia --
|x History --
|x 1957-
|
| 650 |
0 |
0 |
|a Developing countries --
|z Malaysia
|
| 650 |
0 |
0 |
|a Social evolution --
|z Malaysia
|
| 650 |
0 |
0 |
|a Independence Day --
|z Malaysia
|
| 650 |
0 |
0 |
|a Malaysia --
|x Anniversaries. etc
|
| 651 |
0 |
0 |
|a Malaysia
|
| 999 |
|
|
|a 0000022037
|b Book
|c Malaysia
|e Business Information Centre
|